000 01103nam a22003137a 4500
005 20240530110411.0
008 150215s2009 ua g b 000 0 ara d
017 _a2008/12/4096
040 _aEG-CaGPL
041 0 _aara
082 0 4 _221
_a026\
_bج م
100 0 _aجمال يوسف بدير
245 1 2 _aالمكتبات الالكترونية و الرقمية /
_cجمال يوسف بدير
250 _aط1
260 _aالقاهرة :
_bالمؤلف ،
_c2009
300 _a292 ص ؛
_c24 سم
504 _aببليوجرافية : ص 289 - 292
650 0 4 _aالمكتبات الالكترونية
650 0 4 _aالدوريات الالكترونية
650 0 4 _aالانترنت
_xتصميم مواقع
650 0 4 _aالنشر الالكترونى
_xصعوبات
650 0 4 _aالنشر الالكترونى
650 0 4 _aالنشر
_xمراحل
650 0 4 _aالكتاب الالكترونى
650 0 4 _aالمكتبات الرقمية
650 0 4 _aالمكتبات الافتراضية
942 _2ddc
_cBK
999 _c60451
_d60451